000
00315nam a2200133Ia 4500
008
240624s9999 xx 000 0 und d
041
_a
eng
082
_a
658.45 LEH
100
_a
LEHMAN CAROL M
245
_a
BCOM
260
_c
2011
_a
Andover
_b
Cengage Learning
300
_a
x, : 429 : p. : cm. ; 28
365
_c
RS
999
_c
20826
_d
20826